[Event "Karlstad op"]
[Site "Karlstad"]
[Date "2023.12.28"]
[Round "5"]
[White "Ernst, Thomas"]
[Black "Kallen, Jonas"]
[Result "1/2-1/2"]
[WhiteElo "2298"]
[BlackElo "2011"]
[PlyCount "84"]
[EventDate "2023.12.27"]
[EventType "swiss"]
[EventRounds "8"]
[EventCountry "SWE"]
[SourceTitle "CB01_2024"]
[SourceDate "2024.01.03"]
[SourceVersion "1"]
[SourceVersionDate "2024.01.03"]
[SourceQuality "1"]

1. e4 e5 2. Nf3 Nc6 3. Bb5 a6 4. Ba4 Nf6 5. 0-0 Be7 6. Re1 b5 7. Bb3 0-0 8. c3 d5 9. exd5 Nxd5 10. Nxe5 Nxe5 11. Rxe5 c6 12. d4 Bd6 13. Re1 Qh4 14. g3 Qh3 15. Re4 g5 16. Qe1 Bf5 17. Nd2 Bxe4 18. Nxe4 Be7 19. Nxg5 Bxg5 20. Bxg5 Rfe8 21. Qd2 Re6 22. Bc2 Rae8 23. Bd3 h6 24. Bh4 Kg7 25. Rf1 Nf6 26. Bxf6+ Rxf6 27. a4 Qg4 28. axb5 axb5 29. d5 Qd7 30. dxc6 Rxc6 31. Qc2 Rd6 32. Bf5 Qc6 33. Bh3 Qc4 34. Qf5 Rf6 35. Qd7 Re5 36. Bg2 Qe6 37. Qd4 Re2 38. b3 Qe5 39. Qg4+ Rg6 40. Qb4 Rf6 41. Qg4+ Rg6 42. Qb4 Rf6 1/2-1/2

[Event "SWE-ch"]
[Site "Helsingborg"]
[Date "2023.07.01"]
[Round "1"]
[White "Ernst, Thomas"]
[Black "Blomqvist, Erik"]
[Result "0-1"]
[WhiteElo "2288"]
[BlackElo "2500"]
[PlyCount "62"]
[EventDate "2023.07.01"]
[EventType "tourn"]
[EventRounds "9"]
[EventCountry "SWE"]
[EventCategory "8"]
[SourceTitle "CBM 215 Extra"]
[Source "ChessBase"]
[SourceDate "2023.09.30"]
[SourceVersion "1"]
[SourceVersionDate "2023.09.30"]
[SourceQuality "1"]

1. e4 c5 2. Nf3 e6 3. d4 cxd4 4. Nxd4 a6 5. Bd3 Bc5 6. Nb3 Ba7 7. 0-0 Nc6 8. Qg4 Qf6 9. Nc3 Nge7 10. Qe2 0-0 11. Be3 d5 12. Bxa7 Rxa7 13. exd5 exd5 14. Rfe1 Rd8 15. a4 b6 16. Rad1 h6 17. Rd2 Kf8 18. Red1 Re8 19. Qf1 Nb4 20. Be2 Nec6 21. Bf3 Bf5 22. Nxd5 Nxd5 23. Bxd5 Nb4 24. Qc4 a5 25. Nd4 Rae7 26. Rf1 Bd7 27. Bf3 Qg5 28. Nb3 Bxa4 29. Rd6 Bb5 30. h4 Qe5 31. Rd5 Bxc4 0-1

[Event "Skara Vastgota op"]
[Site "Skara"]
[Date "2023.02.19"]
[Round "9"]
[White "Ernst, Thomas"]
[Black "Andersson, Fredrik1111"]
[Result "1/2-1/2"]
[WhiteElo "2286"]
[BlackElo "2235"]
[PlyCount "78"]
[EventDate "2023.02.18"]
[EventType "swiss"]
[EventRounds "9"]
[EventCountry "SWE"]
[SourceTitle "CBM 212 Extra"]
[Source "ChessBase"]
[SourceDate "2023.03.31"]
[SourceVersion "1"]
[SourceVersionDate "2023.03.31"]
[SourceQuality "1"]

1. d4 d5 2. c4 e6 3. Nc3 Nf6 4. Bg5 Be7 5. e3 0-0 6. Nf3 h6 7. Bh4 Ne4 8. Bxe7 Qxe7 9. cxd5 Nxc3 10. bxc3 exd5 11. Qb3 c6 12. c4 Be6 13. Ne5 Nd7 14. Nxd7 Qxd7 15. c5 b6 16. Qa3 Bf5 17. Be2 Rfe8 18. 0-0 b5 19. Qa5 Re6 20. a4 bxa4 21. Qxa4 Rg6 22. Kh1 Be4 23. f3 Bf5 24. g4 Be6 25. Bd3 f5 26. Qc2 Rf6 27. gxf5 Bxf5 28. Bxf5 Rxf5 29. Qd3 Raf8 30. f4 Qe7 31. Ra6 R5f6 32. Rg1 Re6 33. Rg3 Re8 34. f5 Rxe3 35. Rxe3 Qxe3 36. Qxe3 Rxe3 37. Rxc6 Rd3 38. Ra6 Rxd4 39. Rxa7 Rc4 1/2-1/2

[Event "Skara Vastgota op"]
[Site "Skara"]
[Date "2023.02.18"]
[Round "2"]
[White "Bjorkman, Filip"]
[Black "Ernst, Thomas"]
[Result "1/2-1/2"]
[WhiteElo "2040"]
[BlackElo "2286"]
[PlyCount "81"]
[EventDate "2023.02.18"]
[EventType "swiss"]
[EventRounds "9"]
[EventCountry "SWE"]
[SourceTitle "CBM 212 Extra"]
[Source "ChessBase"]
[SourceDate "2023.03.31"]
[SourceVersion "1"]
[SourceVersionDate "2023.03.31"]
[SourceQuality "1"]

1. e4 c5 2. Nf3 d6 3. d4 cxd4 4. Nxd4 Nf6 5. Nc3 g6 6. Be3 Bg7 7. f3 Nc6 8. Qd2 0-0 9. 0-0-0 d5 10. Qe1 e5 11. Nxc6 bxc6 12. exd5 Nxd5 13. Bc4 Be6 14. Ne4 Qc7 15. Bc5 Rfd8 16. g4 h6 17. h4 Rab8 18. h5 g5 19. b3 Rd7 20. Qf2 Rbd8 21. Rhe1 Nf4 22. Bxe6 Nxe6 23. Ba3 Rxd1+ 24. Rxd1 Rxd1+ 25. Kxd1 Qa5 26. Bb2 Qxa2 27. Kc1 Qa5 28. Bc3 Qa6 29. Kb2 Nd4 30. f4 gxf4 31. Qh4 Qe2 32. Qd8+ Kh7 33. Bxd4 exd4 34. Nf6+ Bxf6 35. Qxf6 Qe6 36. Qxf4 c5 37. g5 Qd5 38. Qf6 Qxg5 39. Qxf7+ Kh8 40. Qf8+ Kh7 41. Qf7+ 1/2-1/2

[Event "Skara Vastgota op"]
[Site "Skara"]
[Date "2023.02.18"]
[Round "6"]
[White "Lind, Jan Olov"]
[Black "Ernst, Thomas"]
[Result "1-0"]
[WhiteElo "2214"]
[BlackElo "2286"]
[PlyCount "55"]
[EventDate "2023.02.18"]
[EventType "swiss"]
[EventRounds "9"]
[EventCountry "SWE"]
[SourceTitle "CBM 212 Extra"]
[Source "ChessBase"]
[SourceDate "2023.03.31"]
[SourceVersion "1"]
[SourceVersionDate "2023.03.31"]
[SourceQuality "1"]

1. e4 e5 2. Nf3 Nc6 3. d4 exd4 4. c3 dxc3 5. Nxc3 Bb4 6. Bc4 Nge7 7. Ng5 Ne5 8. Bb3 h6 9. f4 hxg5 10. fxe5 Bxc3+ 11. bxc3 Ng6 12. Qd5 Qe7 13. Ba3 Qe6 14. 0-0 Qxd5 15. exd5 Nxe5 16. d6 cxd6 17. Bxd6 f6 18. Rae1 a5 19. Bxe5 fxe5 20. Rxe5+ Kd8 21. Rxg5 a4 22. Bc4 b6 23. Rf7 Ba6 24. Bxa6 Rxa6 25. Rgxg7 Ra7 26. a3 Rc7 27. Rf3 Rc5 28. Rd3 1-0

[Event "Sundsvall op"]
[Site "Sundsvall"]
[Date "2023.01.07"]
[Round "6"]
[White "Soderstrom, Adrian"]
[Black "Ernst, Thomas"]
[Result "1/2-1/2"]
[WhiteElo "2202"]
[BlackElo "2273"]
[PlyCount "45"]
[EventDate "2023.01.06"]
[EventType "swiss"]
[EventRounds "8"]
[EventCountry "SWE"]
[SourceTitle "EXT 2024"]
[Source "ChessBase"]
[SourceDate "2023.10.10"]
[SourceVersion "1"]
[SourceVersionDate "2023.10.10"]
[SourceQuality "1"]

1. d4 Nf6 2. c4 g6 3. Nc3 d5 4. cxd5 Nxd5 5. e4 Nxc3 6. bxc3 Bg7 7. Nf3 c5 8. h3 0-0 9. Be2 Nc6 10. Be3 cxd4 11. cxd4 f5 12. Bc4+ Kh8 13. 0-0 fxe4 14. Ng5 Nxd4 15. Nf7+ Rxf7 16. Bxf7 e5 17. Re1 Bf5 18. Rc1 Qe7 19. Bc4 Rd8 20. Qa4 a6 21. Bf1 Bd7 22. Qa5 Bc6 23. Qc5 1/2-1/2

[Event "Karlstad op"]
[Site "Karlstad"]
[Date "2022.12.28"]
[Round "5"]
[White "Nygren, Kim"]
[Black "Ernst, Thomas"]
[Result "0-1"]
[WhiteElo "2206"]
[BlackElo "2273"]
[PlyCount "88"]
[EventDate "2022.12.27"]
[EventType "swiss"]
[EventRounds "8"]
[EventCountry "SWE"]
[SourceTitle "CBM 211 Extra"]
[Source "ChessBase"]
[SourceDate "2023.01.31"]
[SourceVersion "1"]
[SourceVersionDate "2023.01.31"]
[SourceQuality "1"]

1. d4 Nf6 2. Bf4 g6 3. Nf3 d6 4. e3 Bg7 5. Be2 Nbd7 6. 0-0 Nh5 7. Bg5 h6 8. Bh4 g5 9. Nfd2 gxh4 10. Bxh5 e5 11. Nc3 Nf6 12. Bf3 Qe7 13. a4 Rb8 14. a5 h3 15. g3 a6 16. b4 0-0 17. Rb1 c6 18. Nc4 e4 19. Be2 d5 20. Nb6 Bf5 21. Nca4 Nh7 22. c4 dxc4 23. Nc5 Ng5 24. Qc2 Rbd8 25. Rfd1 Bg6 26. Qxc4 h5 27. d5 Nf3+ 28. Bxf3 exf3 29. e4 h4 30. Rb3 Bh5 31. Rbd3 Be5 32. Qc1 Kh7 33. dxc6 bxc6 34. Rxd8 Rxd8 35. Rxd8 Qxd8 36. Ncd7 Qe7 37. Qc5 Qg5 38. Nxe5 Qd2 39. Qc4 hxg3 40. Qf1 gxf2+ 41. Qxf2 Qd1+ 42. Qf1 Qd4+ 43. Qf2 Qxe5 44. Qc5 Qg7+ 0-1

[Event "Gothenburg Manhem"]
[Site "Gothenburg"]
[Date "2022.08.10"]
[Round "7"]
[White "Ernst, Thomas"]
[Black "Heimisson, Hilmir Freyr"]
[Result "1/2-1/2"]
[WhiteElo "2323"]
[BlackElo "2323"]
[PlyCount "108"]
[EventDate "2022.08.06"]
[EventType "tourn"]
[EventRounds "9"]
[EventCountry "SWE"]
[EventCategory "4"]
[SourceTitle "CBM 209 Extra"]
[Source "ChessBase"]
[SourceDate "2022.09.30"]
[SourceVersion "1"]
[SourceVersionDate "2022.09.30"]
[SourceQuality "1"]

1. e4 c5 2. Nf3 d6 3. d4 cxd4 4. Nxd4 Nf6 5. Nc3 Nc6 6. Bg5 e6 7. Qd2 a6 8. 0-0-0 Bd7 9. f4 h6 10. Bh4 b5 11. Bxf6 gxf6 12. Nxc6 Bxc6 13. Qe3 Qe7 14. Bd3 Qa7 15. Qe1 Be7 16. Kb1 Qc5 17. Rf1 Rg8 18. g3 a5 19. Qf2 Qxf2 20. Rxf2 Rb8 21. Ne2 Bd8 22. Nd4 Bd7 23. Rfd2 Ke7 24. Be2 b4 25. Bc4 Bb6 26. Bb5 Bxd4 27. Bxd7 Bc5 28. Ba4 h5 29. Rg2 Rg7 30. Rd3 Rbg8 31. c3 h4 32. cxb4 axb4 33. Bd1 hxg3 34. Rdxg3 Rxg3 35. Rxg3 Rh8 36. h3 Rh4 37. Rf3 Rh8 38. Rg3 Bf2 39. Rf3 Be1 40. a3 Rg8 41. f5 Rg1 42. Ka2 Rg2 43. Re3 Bd2 44. Re2 Rxe2 45. Bxe2 bxa3 46. bxa3 d5 47. exd5 Kd6 48. dxe6 fxe6 49. fxe6 Kxe6 50. Kb3 Kf5 51. Kc4 Kg5 52. Kd5 f5 53. Ke6 Bc3 54. a4 Kh4 1/2-1/2

[Event "Gothenburg Manhem"]
[Site "Gothenburg"]
[Date "2022.08.07"]
[Round "2"]
[White "Ingebretsen, Jens E"]
[Black "Ernst, Thomas"]
[Result "1-0"]
[WhiteElo "2325"]
[BlackElo "2323"]
[PlyCount "55"]
[EventDate "2022.08.06"]
[EventType "tourn"]
[EventRounds "9"]
[EventCountry "SWE"]
[EventCategory "4"]
[SourceTitle "CBM 209 Extra"]
[Source "ChessBase"]
[SourceDate "2022.09.30"]
[SourceVersion "1"]
[SourceVersionDate "2022.09.30"]
[SourceQuality "1"]

1. d4 Nf6 2. c4 g6 3. Nc3 d5 4. cxd5 Nxd5 5. Bd2 Nb6 6. e3 Bg7 7. h4 h5 8. Nf3 0-0 9. Ng5 e5 10. dxe5 Bxe5 11. Be2 N8d7 12. Qc2 Nf6 13. e4 Qe7 14. 0-0-0 Bd7 15. f4 Bd4 16. e5 Ng4 17. Nce4 Bf5 18. Bxg4 hxg4 19. h5 Kg7 20. g3 f6 21. hxg6 Bxg6 22. exf6+ Rxf6 23. Bc3 Bxc3 24. Qxc3 Bxe4 25. Rhe1 Kf8 26. Nh7+ Qxh7 27. Qxf6+ Kg8 28. Qe6+ 1-0

[Event "SWE-chB"]
[Site "Uppsala"]
[Date "2022.07.05"]
[Round "4"]
[White "Ernst, Thomas"]
[Black "Andersson, Tommy"]
[Result "1-0"]
[WhiteElo "2289"]
[BlackElo "2384"]
[PlyCount "165"]
[EventDate "2022.07.02"]
[EventType "tourn"]
[EventRounds "9"]
[EventCountry "SWE"]
[EventCategory "5"]
[SourceTitle "CBM 209 Extra"]
[Source "ChessBase"]
[SourceDate "2022.09.30"]
[SourceVersion "1"]
[SourceVersionDate "2022.09.30"]
[SourceQuality "1"]

1. d4 Nf6 2. c4 e6 3. Nc3 d5 4. Bg5 Be7 5. e3 0-0 6. Nf3 h6 7. Bh4 b6 8. Qc2 Bb7 9. Bxf6 Bxf6 10. cxd5 exd5 11. g4 c5 12. 0-0-0 cxd4 13. exd4 Bc8 14. Rg1 Be6 15. Bd3 Nc6 16. Bf5 Qd6 17. Kb1 Nb4 18. Qd2 Bxf5+ 19. gxf5 Kh7 20. Rg4 Nc6 21. Rdg1 Rae8 22. Ka1 a6 23. h4 b5 24. Qd3 Kh8 25. Ne2 Nb4 26. Qd2 Re4 27. Ne5 Rxg4 28. Nxg4 Nc6 29. Nxh6 Qb4 30. Qxb4 Nxb4 31. Ng4 Nc2+ 32. Kb1 Nxd4 33. Nxd4 Bxd4 34. Rd1 Bb6 35. Rxd5 Re8 36. Rd6 Bc5 37. Rxa6 b4 38. Rc6 Be7 39. h5 Bf8 40. h6 gxh6 41. Nxh6 Re1+ 42. Kc2 Re2+ 43. Kb3 Rxf2 44. Nxf7+ Kg7 45. Ng5 Be7 46. Ne6+ Kf7 47. Nd4 Bf6 48. Rc7+ Ke8 49. Rc4 Rd2 50. Nc2 Rd3+ 51. Kxb4 Bxb2 52. a4 Bf6 53. Rf4 Kd7 54. Kb5 Rd5+ 55. Kc4 Rd1 56. Nb4 Kd6 57. a5 Rc1+ 58. Kb5 Rc5+ 59. Ka4 Rc1 60. Rf3 Rb1 61. Kb5 Kc7 62. Rf4 Kb7 63. Rc4 Be5 64. a6+ Kb8 65. Kb6 Bc7+ 66. Rxc7 Rxb4+ 67. Ka5 Rf4 68. Rf7 Rf1 69. Kb6 Rb1+ 70. Kc5 Ra1 71. Rf6 Ka7 72. Kd5 Rf1 73. Ke5 Re1+ 74. Kf4 Rf1+ 75. Kg5 Rg1+ 76. Kh6 Rf1 77. Kg7 Rf2 78. Rf8 Rg2+ 79. Kf7 Kxa6 80. Rb8 Rf2 81. f6 Rf3 82. Kg7 Ka7 83. Rb1 1-0

[Event "Uppsala 06"]
[Site "Uppsala"]
[Date "2022.06.18"]
[Round "7"]
[White "Ernst, Thomas"]
[Black "Roshka, Yevgeniy"]
[Result "0-1"]
[WhiteElo "2298"]
[BlackElo "2484"]
[PlyCount "44"]
[EventDate "2022.06.13"]
[EventType "tourn"]
[EventRounds "9"]
[EventCountry "SWE"]
[EventCategory "6"]
[SourceTitle "CBM 208 Extra"]
[Source "ChessBase"]
[SourceDate "2022.07.31"]
[SourceVersion "1"]
[SourceVersionDate "2022.07.31"]
[SourceQuality "1"]

1. e4 c5 2. Nf3 Nc6 3. d4 cxd4 4. Nxd4 e5 5. Nb5 a6 6. Nd6+ Bxd6 7. Qxd6 Qe7 8. Qd1 Nf6 9. Nc3 d6 10. Bg5 Be6 11. Nd5 Bxd5 12. exd5 Nb8 13. Be2 Nbd7 14. a4 h6 15. Be3 a5 16. Bb5 0-0 17. c4 Nc5 18. h3 Nfe4 19. Ra3 f5 20. 0-0 f4 21. Bc1 Rf5 22. f3 Ng3 0-1

[Event "Uppsala 06"]
[Site "Uppsala"]
[Date "2022.06.18"]
[Round "8"]
[White "Falkevall, Axel"]
[Black "Ernst, Thomas"]
[Result "1-0"]
[WhiteElo "2302"]
[BlackElo "2298"]
[PlyCount "81"]
[EventDate "2022.06.13"]
[EventType "tourn"]
[EventRounds "9"]
[EventCountry "SWE"]
[EventCategory "6"]
[SourceTitle "CBM 208 Extra"]
[Source "ChessBase"]
[SourceDate "2022.07.31"]
[SourceVersion "1"]
[SourceVersionDate "2022.07.31"]
[SourceQuality "1"]

1. e4 e5 2. Nf3 Nc6 3. Bc4 Nf6 4. d3 Be7 5. 0-0 0-0 6. Re1 d6 7. a4 Be6 8. Nbd2 Qd7 9. a5 Bxc4 10. Nxc4 Rfe8 11. c3 b5 12. Ne3 a6 13. Nf5 Bd8 14. h3 g6 15. Nh6+ Kg7 16. Nh2 Ng8 17. Nxg8 Kxg8 18. Ng4 Kh8 19. Qf3 Qe6 20. Bd2 Nb8 21. d4 Nd7 22. d5 Qe7 23. Bh6 f6 24. h4 Qf7 25. Ne3 Be7 26. g3 Bf8 27. Bxf8 Rxf8 28. h5 f5 29. hxg6 hxg6 30. exf5 gxf5 31. Kg2 Kg7 32. Rh1 Qg6 33. Rh4 Rf7 34. Rah1 Raf8 35. R1h2 Rf6 36. Kf1 R8f7 37. Qh1 Kf8 38. Rh8+ Ke7 39. R2h6 Qg5 40. Rh5 Qg6 41. Qh4 1-0

[Event "Norrkoeping Easter op"]
[Site "Norrkoeping"]
[Date "2022.04.16"]
[Round "5"]
[White "Ernst, Thomas"]
[Black "Sundin, Emanuel"]
[Result "1-0"]
[WhiteElo "2291"]
[BlackElo "2128"]
[PlyCount "73"]
[EventDate "2022.04.15"]
[EventType "swiss"]
[EventRounds "8"]
[EventCountry "SWE"]
[SourceTitle "CBM 207 Extra"]
[Source "ChessBase"]
[SourceDate "2022.05.31"]
[SourceVersion "1"]
[SourceVersionDate "2022.05.31"]
[SourceQuality "1"]

1. d4 Nf6 2. c4 e5 3. dxe5 Ng4 4. Nf3 Nc6 5. Bf4 Bb4+ 6. Nbd2 Qe7 7. e3 Ngxe5 8. Nxe5 Nxe5 9. Be2 d6 10. 0-0 a5 11. Nb3 a4 12. a3 Bc3 13. bxc3 axb3 14. Qxb3 Nd7 15. Qc2 0-0 16. Rfd1 Nc5 17. Bf3 Bd7 18. Rd5 Ra5 19. e4 Ba4 20. Qb1 Bc6 21. Rg5 Qf6 22. Bd2 Rfa8 23. e5 dxe5 24. Bxc6 Qxc6 25. Rxe5 Rxa3 26. Rxa3 Rxa3 27. h3 Ne6 28. Qb5 Ra1+ 29. Kh2 Ra6 30. f4 h6 31. f5 Nf8 32. Bf4 Rb6 33. Qd5 Qf6 34. Re8 Rc6 35. c5 g5 36. Be5 Qxf5 37. Rxf8+ 1-0

[Event "Norrkoeping Easter op"]
[Site "Norrkoeping"]
[Date "2022.04.15"]
[Round "3"]
[White "Ernst, Thomas"]
[Black "Sivuk, Vitaly"]
[Result "0-1"]
[WhiteElo "2291"]
[BlackElo "2518"]
[PlyCount "88"]
[EventDate "2022.04.15"]
[EventType "swiss"]
[EventRounds "8"]
[EventCountry "SWE"]
[SourceTitle "CBM 207 Extra"]
[Source "ChessBase"]
[SourceDate "2022.05.31"]
[SourceVersion "1"]
[SourceVersionDate "2022.05.31"]
[SourceQuality "1"]

1. e4 c5 2. Nf3 d6 3. c3 Nf6 4. Bd3 Nc6 5. Bc2 Bg4 6. d3 e6 7. Nbd2 Be7 8. h3 Bh5 9. Nf1 d5 10. Ng3 Bg6 11. Nh4 Qc7 12. exd5 Nxd5 13. Nxg6 hxg6 14. Qe2 0-0-0 15. Bd2 Nf4 16. Bxf4 Qxf4 17. Ne4 g5 18. Qe3 Ne5 19. 0-0-0 f5 20. Qxf4 gxf4 21. Nxc5 Bxc5 22. d4 Nd7 23. dxc5 Nxc5 24. b4 Na6 25. f3 Rh6 26. Rhe1 Rg6 27. Re2 Rxd1+ 28. Bxd1 Kd7 29. Bb3 Ke7 30. a4 Nc7 31. Kd2 Kf6 32. Ke1 Rh6 33. Rd2 Ke7 34. a5 e5 35. Ba4 Rd6 36. Bb3 Nb5 37. Rxd6 Kxd6 38. Kd2 e4 39. Bg8 Ke5 40. Bh7 Nc7 41. Bg8 Nd5 42. fxe4 fxe4 43. Bf7 Ne3 44. g3 Nf1+ 0-1

[Event "Vaxjo op"]
[Site "Vaxjo"]
[Date "2022.03.05"]
[Round "5"]
[White "Hector, Jonny"]
[Black "Ernst, Thomas"]
[Result "1-0"]
[WhiteElo "2441"]
[BlackElo "2290"]
[PlyCount "71"]
[EventDate "2022.03.04"]
[EventType "swiss"]
[EventRounds "8"]
[EventCountry "SWE"]
[SourceTitle "EXT 2023"]
[Source "ChessBase"]
[SourceDate "2022.10.05"]
[SourceVersion "1"]
[SourceVersionDate "2022.10.05"]
[SourceQuality "1"]

1. e4 e5 2. Nf3 Nc6 3. Nc3 Nf6 4. d4 exd4 5. Nd5 Be7 6. Bc4 0-0 7. 0-0 Nxe4 8. Re1 Nf6 9. Nxe7+ Nxe7 10. Qxd4 d5 11. Bd3 Ng6 12. b4 Bg4 13. Ne5 Bh5 14. f4 Re8 15. Bb2 Nxe5 16. Rxe5 Rxe5 17. Qxe5 Qd7 18. h3 h6 19. f5 Re8 20. Qf4 Ne4 21. g4 Qe7 22. gxh5 Qxb4 23. Rb1 Qb6+ 24. Kh2 f6 25. c4 Nf2 26. Bf1 Re4 27. Qd2 Rh4 28. Re1 Kh7 29. Re6 Ne4 30. Qg2 Qf2 31. Qxf2 Nxf2 32. Kg3 Rxh5 33. Kxf2 Rxf5+ 34. Ke1 dxc4 35. Bxc4 Rc5 36. Bd3+ 1-0

[Event "SWE-chB"]
[Site "Helsingborg"]
[Date "2021.07.11"]
[Round "9"]
[White "Ernst, Thomas"]
[Black "Thorn, Eric"]
[Result "1-0"]
[WhiteElo "2310"]
[BlackElo "2271"]
[PlyCount "147"]
[EventDate "2021.07.03"]
[EventType "tourn"]
[EventRounds "9"]
[EventCountry "SWE"]
[EventCategory "3"]
[SourceTitle "CBM 203 Extra"]
[Source "ChessBase"]
[SourceDate "2021.09.30"]
[SourceVersion "1"]
[SourceVersionDate "2021.09.30"]
[SourceQuality "1"]

1. e4 c6 2. d4 d5 3. Nd2 dxe4 4. Nxe4 Nf6 5. Nxf6+ exf6 6. c3 Bd6 7. Bd3 0-0 8. Qc2 Re8+ 9. Ne2 g6 10. h4 Be6 11. h5 f5 12. Kf1 Nd7 13. Nf4 Qf6 14. hxg6 fxg6 15. Nxe6 Qxe6 16. Qb3 Qxb3 17. axb3 h5 18. Rh3 Nf6 19. Re3 Ng4 20. Rxe8+ Rxe8 21. Bd2 a6 22. Re1 Rxe1+ 23. Kxe1 Kf7 24. Ke2 Nf6 25. f4 h4 26. Kf3 Nh5 27. Be3 Ke6 28. Bc4+ Ke7 29. Bd3 Ke6 30. Bc4+ Ke7 31. Bd3 Bc7 32. Bc4 Kf6 33. Bd3 Ke6 34. Bc4+ Kf6 35. Bd3 b5 36. c4 Ke6 37. d5+ Kd7 38. Bd2 Bd6 39. Be3 Bc7 40. Bd2 Bd6 41. Be3 cxd5 42. cxb5 a5 43. Bd2 Bc7 44. Be3 d4 45. Bd2 Kd6 46. Bc4 Nf6 47. Be1 Ne4 48. Bxh4 a4 49. Bf7 axb3 50. Bxg6 Nd2+ 51. Ke2 Nc4 52. Kd3 Nxb2+ 53. Kxd4 Ke6 54. Kc3 Nd1+ 55. Kxb3 Bxf4 56. Bh5 Ne3 57. Bf3 Kd6 58. Kb4 Nc2+ 59. Ka5 Bd2+ 60. Ka6 Nb4+ 61. Ka7 Be3+ 62. b6 Nd3 63. Bd8 Kd7 64. Bc7 Bd4 65. Ka6 Nc5+ 66. Kb5 Ne6 67. Bc6+ Kc8 68. Bd6 Nd8 69. Bf4 Nb7 70. Bd5 Nc5 71. Kc6 Na6 72. b7+ Kd8 73. Bc4 Nb4+ 74. Kb5 1-0

[Event "SWE-chB"]
[Site "Helsingborg"]
[Date "2021.07.08"]
[Round "6"]
[White "Lindberg, Bengt"]
[Black "Ernst, Thomas"]
[Result "1-0"]
[WhiteElo "2392"]
[BlackElo "2310"]
[PlyCount "45"]
[EventDate "2021.07.03"]
[EventType "tourn"]
[EventRounds "9"]
[EventCountry "SWE"]
[EventCategory "3"]
[SourceTitle "CBM 203 Extra"]
[Source "ChessBase"]
[SourceDate "2021.09.30"]
[SourceVersion "1"]
[SourceVersionDate "2021.09.30"]
[SourceQuality "1"]

1. e4 e6 2. d4 d5 3. Nc3 Bb4 4. e5 b6 5. a3 Bf8 6. b4 Ne7 7. Nf3 Nf5 8. Bg5 Be7 9. Bxe7 Qxe7 10. Bd3 Bb7 11. 0-0 0-0 12. Re1 Nd7 13. Bxf5 exf5 14. Qd3 g6 15. Ne2 c5 16. Nf4 cxd4 17. e6 Nf6 18. exf7+ Qxf7 19. Ne5 Qc7 20. Ne6 Qc3 21. Nxf8 Rxf8 22. Nf3 Ne4 23. Nxd4 1-0

[Event "SWE-chB"]
[Site "Helsingborg"]
[Date "2021.07.05"]
[Round "3"]
[White "Bellon Lopez, Juan Manuel"]
[Black "Ernst, Thomas"]
[Result "1/2-1/2"]
[WhiteElo "2327"]
[BlackElo "2310"]
[PlyCount "97"]
[EventDate "2021.07.03"]
[EventType "tourn"]
[EventRounds "9"]
[EventCountry "SWE"]
[EventCategory "3"]
[SourceTitle "CBM 203 Extra"]
[Source "ChessBase"]
[SourceDate "2021.09.30"]
[SourceVersion "1"]
[SourceVersionDate "2021.09.30"]
[SourceQuality "1"]

1. d4 Nf6 2. Bf4 d5 3. e3 e6 4. Nd2 c5 5. c3 Nc6 6. Ngf3 Bd6 7. Bg3 Bxg3 8. hxg3 Qb6 9. Qb3 Bd7 10. Qxb6 axb6 11. a3 Ke7 12. Bd3 h6 13. 0-0 Kd6 14. Rad1 Rad8 15. Rfe1 Kc7 16. Rc1 Kb8 17. c4 cxd4 18. exd4 dxc4 19. Nxc4 Nd5 20. Be4 Nce7 21. Ne3 Nf6 22. Nc4 Nxe4 23. Rxe4 Bc6 24. Ree1 Nf5 25. Nfe5 Be8 26. Nxb6 Nxd4 27. Rcd1 Ka7 28. Nbc4 f6 29. Nf3 Nxf3+ 30. gxf3 Bc6 31. Kg2 Bd5 32. b3 b5 33. Na5 Kb6 34. b4 Rhe8 35. g4 Ba2 36. Kg3 Rxd1 37. Rxd1 Bd5 38. Rd3 Ra8 39. f4 g6 40. f5 gxf5 41. gxf5 Rg8+ 42. Kh4 Kc7 43. fxe6 Bxe6 44. Rc3+ Kd6 45. Nb7+ Ke5 46. Re3+ Kd5 47. Rd3+ Ke5 48. Re3+ Kd5 49. Rd3+ 1/2-1/2

[Event "Sundsvall op"]
[Site "Sundsvall"]
[Date "2020.01.06"]
[Round "8"]
[White "Grishchenko, Sergey"]
[Black "Ernst, Thomas"]
[Result "1/2-1/2"]
[WhiteElo "2404"]
[BlackElo "2302"]
[PlyCount "285"]
[EventDate "2020.01.04"]
[EventType "swiss"]
[EventRounds "8"]
[EventCountry "SWE"]
[SourceTitle "CBM 194 Extra"]
[Source "ChessBase"]
[SourceDate "2020.03.31"]
[SourceVersion "1"]
[SourceVersionDate "2020.03.31"]
[SourceQuality "1"]

1. d4 Nf6 2. c4 e6 3. Nc3 Bb4 4. e3 0-0 5. Bd3 d5 6. Nf3 c5 7. 0-0 dxc4 8. Bxc4 Nbd7 9. a3 cxd4 10. exd4 Bxc3 11. bxc3 Qc7 12. Qb3 b6 13. Be2 Bb7 14. c4 Ng4 15. g3 Qc6 16. a4 Rfd8 17. h3 Ngf6 18. Be3 a5 19. Rfd1 Qe4 20. Kh2 h6 21. Nh4 Qc6 22. Bf3 Qc7 23. Bxb7 Qxb7 24. d5 exd5 25. cxd5 Rac8 26. d6 Nc5 27. Qb5 Qc6 28. Nf5 Kf8 29. Ne7 Qxb5 30. axb5 Ra8 31. Bxc5 bxc5 32. Nc6 Rd7 33. Rxa5 Rc8 34. Ne5 Rb7 35. d7 Rd8 36. Ra6 Nxd7 37. Rad6 Ke8 38. Nc6 Rc8 39. Re1+ Kf8 40. Na5 Ra7 41. Nc6 Rb7 42. Na5 Ra7 43. Nc4 Nf6 44. b6 Re7 45. Red1 Rb8 46. Na5 Ne8 47. Rc6 Re2 48. b7 Rxf2+ 49. Kg1 Rb2 50. Rd7 Rb5 51. Ra6 c4 52. Kf2 c3 53. Ke2 c2 54. Kd2 Nf6 55. Rc7 Ne8 56. Rd7 Nf6 57. Rc7 Ne8 58. Rxc2 R5xb7 59. Nxb7 Rxb7 60. Rca2 Re7 61. Ra7 Rxa7 62. Rxa7 h5 63. Ke3 g6 64. Ke4 Kg7 65. Ke5 Nf6 66. Ra1 Ng8 67. Kd6 Nh6 68. Ra3 Ng8 69. Rf3 Nh6 70. Ke5 Ng8 71. Rb3 Nh6 72. Rb6 Nf5 73. Kf4 Nh6 74. Ra6 Nf5 75. Ra7 Kf6 76. Ra8 Kg7 77. Ra5 Nh6 78. Ra8 Nf5 79. Re8 Kf6 80. Re1 Nd4 81. Rf1 Nf5 82. Ra1 Nh6 83. Ra8 Nf5 84. Ra7 Nh6 85. Rc7 Nf5 86. Rc8 Nh6 87. g4 g5+ 88. Kf3 hxg4+ 89. hxg4 Kg6 90. Rc1 f6 91. Rg1 f5 92. gxf5+ Nxf5 93. Ra1 Kf6 94. Ra6+ Ke5 95. Kg4 Nd4 96. Kxg5 Ke4 97. Ra1 Nf3+ 98. Kf6 Nd4 99. Ra4 Kd5 100. Ra5+ Ke4 101. Re5+ Kd3 102. Re8 Ne2 103. Ke5 Ke3 104. Rh8 Nf4 105. Rd8 Nd3+ 106. Kf5 Nf4 107. Re8+ Kf3 108. Rh8 Nd3 109. Rh3+ Ke2 110. Rg3 Nf2 111. Kf4 Nd3+ 112. Ke4 Nf2+ 113. Kd4 Ke1 114. Rf3 Ke2 115. Ra3 Ng4 116. Rb3 Nf2 117. Re3+ Kf1 118. Re8 Nd1 119. Kd3 Nf2+ 120. Ke3 Nd1+ 121. Kf3 Nf2 122. Rh8 Ke1 123. Rh2 Nd1 124. Re2+ Kf1 125. Re8 Nf2 126. Ke3 Ng4+ 127. Kf4 Nf2 128. Kf3 Nd1 129. Re7 Nf2 130. Ke3 Ng4+ 131. Kd3 Nf2+ 132. Kd2 Kg2 133. Rg7+ Kf3 134. Rf7+ Kg3 135. Ke2 Ng4 136. Rf1 Ne5 137. Ke3 Ng4+ 138. Kd4 Nf2 139. Ra1 Kf4 140. Ra8 Kf3 141. Re8 Kg3 142. Re3+ Kf4 143. Ra3 1/2-1/2